=LDR 00000nam 2200000 4500 =001 INLIS000000000038311 =005 20130612144002 =008 ***********************************Ind** =035 ##$$a0010-061300000038311 =041 ##$$a Ind =082 ##$$a 641.865 4 =090 ##$$a 641.865 4, Ros t =100 ##$$a Roswaty, Aan =245 ##$$a 30 Kreasi cake dari 2 adonan dasar, Oleh Aan Rosewaty; Editor, Intarina Hardiman =260 ##$$a 2010 $b Jakarta =300 ##$$a 64 hlm, Ilus, 21 cm =650 ##$$a kue(Cake) =700 ##$$a Hardiman, Intarina =850 ##$$a NBPNMAT =990 ##$$a 93703/BPAP-NTB/2014